| 000 | 00730nam a2200241 i 4500 | ||
|---|---|---|---|
| 001 | 88828 | ||
| 003 | ES-MaACL | ||
| 005 | 20260525062929.0 | ||
| 007 | t| | ||
| 008 | 041209s1992 sp |||| | spa d | ||
| 020 | _a84-239-1991-9 | ||
| 080 | _a821.134.2-23"19" | ||
| 100 | 1 |
_aBenavente, Jacinto, _d1866-1954 _927443 |
|
| 245 | 1 | 0 |
_aSeñora ama _b; La malquerida / _cJacinto Benavente ; edición, Mariano de Paco. |
| 260 |
_aMadrid : _bEspasa Calpe, _c[1992] |
||
| 300 |
_a202 p. ; _c18 cm. |
||
| 490 | 1 |
_aColección austral ; _v191 |
|
| 700 | 1 |
_aPaco, Mariano de, _d1946- _988157 |
|
| 740 | 3 | _aLa malquerida. | |
| 830 | 0 |
_aColección austral _v191 _9177655 |
|
| 852 |
_aES-MaACL _jE-10657 |
||
| 999 |
_c88828 _d88828 |
||